| 000 | 00758nam a22002057a 4500 | ||
|---|---|---|---|
| 003 | DO-SdBNP | ||
| 005 | 20220127135348.0 | ||
| 007 | ta | ||
| 008 | 220127b2008 ||||| |||| 00| 0 spa d | ||
| 040 |
_aDO-SdBNP _bspa _cBNPHU |
||
| 245 |
_aUso y abuso de antibióticos en la República Dominicana / _cEditado por : Eddy Pérez-Then |
||
| 260 |
_aSanto Domingo : _bCentro Nacional de Investigaciones en Salud Materno Infantil, _c2008 |
||
| 300 |
_a35 p. < _c28 cm |
||
| 490 | _aSerie de publicaciones técnicas II | ||
| 650 |
_aAgentes antibacteriales _zRepública Dominicana _981032 |
||
| 650 |
_aAntibióticos _zRepública Dominicana _981033 |
||
| 650 |
_aResistencia microbiana a las drogas _zRepública Dominicana _981034 |
||
| 910 | _aDG | ||
| 942 |
_2ddc _cLBS1 |
||
| 999 |
_c51244 _d51244 |
||